Оптимизация обнаружения сканирующим средством объектов с перекрытием изображений; Известия Томского политехнического университета [Известия ТПУ]; Т. 308, № 2

Detalhes bibliográficos
Parent link:Известия Томского политехнического университета [Известия ТПУ]/ Томский политехнический университет (ТПУ).— , 2000-
Т. 308, № 2.— 2005.— [С. 59-63]
Autor principal: Слободян С. М. Степан Михайлович
Resumo:Заглавие с титульного листа
Электронная версия печатной публикации
Исследовано обнаружение оптически наблюдаемых близко расположенных объектов с перекрытием изображений. Анализ проведен на примере источников с импульсной модуляцией оптического сигнала. Определены оптимальные параметры сканирования и модуляции. Дана количественная оценка возможности статистического разделения одного изображения объекта на фоне другого.
Idioma:russo
Publicado em: 2005
Colecção:Технические науки
Assuntos:
Acesso em linha:http://www.lib.tpu.ru/fulltext/v/Bulletin_TPU/2005/v308/i2/10.pdf
Formato: MixedMaterials Recurso Electrónico Capítulo de Livro
KOHA link:https://koha.lib.tpu.ru/cgi-bin/koha/opac-detail.pl?biblionumber=170286

MARC

LEADER 00000naa2a2200000 4500
001 170286
005 20231031163657.0
035 |a (RuTPU)RU\TPU\book\184682 
035 |a RU\TPU\book\184681 
090 |a 170286 
100 |a 20091120d2005 k y0rusy50 ca 
101 0 |a rus 
102 |a RU 
135 |a drnn ---uucaa 
181 0 |a i  
182 0 |a b 
200 1 |a Оптимизация обнаружения сканирующим средством объектов с перекрытием изображений  |b Электронный ресурс  |f С. М. Слободян 
203 |a Текст  |c электронный 
215 |a 1 файл (880 Кб) 
225 1 |a Технические науки 
230 |a Электронные текстовые данные (1 файл : 880 Кб) 
300 |a Заглавие с титульного листа 
300 |a Электронная версия печатной публикации 
320 |a [Библиогр.: с. 63 (9 назв.)] 
330 |a Исследовано обнаружение оптически наблюдаемых близко расположенных объектов с перекрытием изображений. Анализ проведен на примере источников с импульсной модуляцией оптического сигнала. Определены оптимальные параметры сканирования и модуляции. Дана количественная оценка возможности статистического разделения одного изображения объекта на фоне другого. 
337 |a Adobe Reader 
461 1 |0 (RuTPU)RU\TPU\book\176237  |t Известия Томского политехнического университета [Известия ТПУ]  |f Томский политехнический университет (ТПУ)  |d 2000- 
463 1 |0 (RuTPU)RU\TPU\book\184655  |t Т. 308, № 2  |v [С. 59-63]  |d 2005  |p 248 с. 
610 1 |a оптимизация 
610 1 |a обнаружение 
610 1 |a сканирующие средства 
610 1 |a объекты 
610 1 |a изображения 
610 1 |a анализы 
610 1 |a примеры 
610 1 |a источники 
610 1 |a импульсная модуляция 
610 1 |a оптические сигналы 
610 1 |a оптимальные параметры 
610 1 |a сканирование 
610 1 |a количественные оценки 
610 1 |a статистические разделения 
610 1 |a электронный ресурс 
700 1 |a Слободян  |b С. М.  |c профессор каф. электрических станций (ЭС) ЭЛТИ, ТПУ  |c доктор технических наук  |f 1946-  |g Степан Михайлович  |2 stltpush  |3 (RuTPU)RU\TPU\pers\25829 
801 1 |a RU  |b 63413507  |c 20090623  |g PSBO 
801 2 |a RU  |b 63413507  |c 20210809  |g PSBO 
856 4 |u http://www.lib.tpu.ru/fulltext/v/Bulletin_TPU/2005/v308/i2/10.pdf 
942 |c BK